=LDR 00000nam 2200000 4500 =001 INLIS000000000006822 =005 20130612094921 =008 ***********************************Ind** =035 ##$$0010-061300000006822 =041 ##$$a Ind =082 ##$$a 896.13 =090 ##$$a 896.13, Tan s =100 ##$$a Tan, Ju =245 ##$$a Surat pembawa petaka, Ju Tan =260 ##$$a 1993 $b Jakarta =300 ##$$a 88 hlm., 19 cm =650 ##$$a Kesusastraan-Afrika =850 ##$$a NBPNMAT